000 00598nam a2200217Ia 4500
003 OSt
005 20221006152634.0
006 a|||||r|||| 00| 0
007 ta
008 221006b |||||||| |||| 00| 0 chi d
024 _a29,146
037 _bGift, PRC
_cTextual
040 _aEASL
_cEASL
_bchi
041 _2chi
_achi
100 _aXUN Yang Yu Ed.
_9661276
245 0 _aQumin yuyang minnon songde eaizheng shouzhi yuguanmin herdong
260 _aTaiwan
_bShifandazo
_c2003
300 _a721p.
_ccm.
942 _cTEXL
_2CC
999 _c1097232
_d1097232